Clubs pro par région : Centre et Bourgogne - Statistiques

Statistiques générales
  • Ce quiz a été pris 72 fois
  • Le résultat moyen est 7 sur 10
Statistiques - réponses
Région Dernière année Club % Correct
Bourgogne Franche-Comté 2023 Dijon FCO
95%
Centre Val de Loire 2020 US Orléans
88%
Bourgogne Franche-Comté 2024 AJ Auxerre
85%
Centre Val de Loire 2018 Tours FC
83%
Centre Val de Loire 2021 LB Châteauroux
73%
Bourgogne Franche-Comté 2023 FC Sochaux-Montbéliard
68%
Bourgogne Franche-Comté 1986 Racing Besançon
58%
Centre Val de Loire 1994 Bourges 18
55%
Bourgogne Franche-Comté 2008 FC Gueugnon
53%
Bourgogne Franche-Comté 2000 CS Louhans-Cuiseaux
27%
Aucun quiz correspondant
Distribution des résultats
% des personnes avec chaque résultat
Percentile par nombre de réponses
Votre historique - résultats
Vous n’avez pas pris ce quiz